000 01700nam a2200205 a 4500
005 20140310183607.0
008 120627s19uu xx 00 eng d
020 _a9781849207973
050 _aHF 5630
_b.Sm62 2011
100 _aSmith, Malcolm
245 _aResearch methods in accounting /
_cMalcolm Smith.
250 _a2nd ed.
260 _aLos Angeles :
_bSAGE,
_c2011.
300 _a223 p. :
_c25 CM.
500 _aIncludes bibliographical references (p. [199]-218) and index
520 _aThis updated and expanded Second Edition of Research Methods in Accounting continues to provide a practical and accessible overview of the conduct of applied research studies in accounting. New to the Second Edition: expanded coverage of the areas of 'Theory' and 'Statistical Testing' to incorporate new developments; more in-depth detail on theory and associated applications, derived from behavioral, psychological, and qualitative disciplines; expanded chapter in qualitative research to reflect the movement in qualitative methodologies; treatment of the practical issues associated with the application of structural equation modeling in quantitative research; revised chapter on fieldwork to give a more considered view of qualitative research in all its alternative forms Retaining its focus on the role of theory in research, the new edition brings together the latest developments in research methods to provide candidates for PhD, DBA, Masters by research degrees in Accounting, and Master's research projects with up-to-date insights into the field of accounting and management research methods.
521 _aBSA
650 _aAccounting
_xResearch
_xMethodology
942 _cBK
_2lcc
_kFOR
999 _c25180
_d25180